000 00454cam a22001934a 4500
005 20250605164318.0
008 250528s ||||||||||||||||||||||||d
035 _a22797
020 _a9780750604246
040 _aGR-AtMCL
_bgre
_dGR-AtMCL
_eAACR2
245 1 _aINTERNATIONAL MARKETING
250 _a2
260 _bButterworths,
_c1993
300 _a706
700 1 _aPaliwoda Stanley
_91753
942 _cBK
999 _c7842
_d7842